Statistics for Johnny's Geography #4

Click here to take the quiz!

General Stats

  • This quiz has been taken 1,341 times
  • The average score is 13 of 20

Answer Stats

Hint Answer % Correct
Where is the Eiffel Tower?Paris
99%
What is the capital of Egypt?Cairo
98%
Pad Thai originated in which country?Thailand
92%
What are 1 of the 2 countries that start with the letter Z?Zambia or Zimbabwe
92%
AdiĆ³s is the Spanish word for what?Goodbye
91%
Which country is located directly south of Sudan?South Sudan
82%
The Brandenburg Gate is located in which city?Berlin
82%
Lake Titicaca is a real place. It is located between Peru and which other country?Bolivia
78%
General Motors is based in which American city?Detroit
73%
Which sea borders both Iran and Russia?Caspian Sea
67%
Which European capital is located 40 miles to the west of Bratislava, Slovakia?Vienna
61%
What is the least densely populated country in the world?Mongolia
60%
Windhoek is a city in which African country?Namibia
59%
In addition to Hindi, what is the other official language of India?English
56%
Yalta and Sevastopol are located in which former Ukrainian region?Crimea
56%
The Lada is a car made by which country?Russia
55%
Which desert is the driest place in the world?Atacama Desert
36%
Transnistria is a breakaway region of what country?Moldova
27%
I'm taking a beach vacation in Punta del Este. Which country am I visiting?Uruguay
24%
What is the only African country where Spanish is an official language?Equatorial Guinea
24%

Score Distribution

Percentile by Number Answered

Percent of People with Each Score

Your Score History

You have not taken this quiz